| 000 | 01537 a2200277 4500 | ||
|---|---|---|---|
| 003 | Nust | ||
| 005 | 20230901115113.0 | ||
| 010 | _a 2006032496 | ||
| 020 | _c0470041412 (pbk.) | ||
| 020 | _c9780470041413 (pbk.) | ||
| 035 | _a(OCoLC)72353657 | ||
| 035 | _a(OCoLC)ocm72353657 | ||
| 040 | _cNust | ||
| 082 | 0 | 0 | _a621.382,HOR |
| 100 | 1 |
_aHorak, Ray. _997335 |
|
| 245 | 1 | 0 |
_aTelecommunications and data communications handbook / _cRay Horak. |
| 260 |
_aHoboken, N.J. : _bWiley-Interscience, _cc2007. |
||
| 300 |
_axxxviii, 791 p. : _bill. ; _c26 cm. |
||
| 505 | _aFundamentals of Transmission Systems (Page-1), Voice Communications Systems KTS PBX (Page-37), Messaging Systems (Page-154), Public Switched Telephone Network (Page-200), Fundamentals of Data Communications (Page-247), Local Area Networks Connectivity (Page-294), Broadband Network Infrastructure (Page-421), Broadband Network Services (Page-495), Wireless Networking Emphasis (Page-550), Video and Multimedia Networking (Page-600), The Internet and World Wide Web (Page-629), Network Convergence (Page-697), Regulation Issues and Some Answers (Page-715). | ||
| 650 | 0 |
_aDigital communications _9237 |
|
| 650 | 0 | _aTelecommunication | |
| 856 | 4 | 1 |
_3Contributor biographical information _uhttp://www.loc.gov/catdir/enhancements/fy0741/2006032496-b.html |
| 856 | 4 | 1 |
_3Publisher description _uhttp://www.loc.gov/catdir/enhancements/fy0741/2006032496-d.html |
| 856 | 4 | 1 |
_3Table of contents only _uhttp://www.loc.gov/catdir/toc/ecip072/2006032496.html |
| 942 |
_cREF _2ddc |
||
| 999 |
_c178731 _d178731 |
||